000 01286njm a2200277Ia 4500
001 66288
003 IT-RoPAU
005 20220918181121.0
008 131025s9999 xx 000 0 und d
040 _aIT-RoPAU
040 _cIT-RoPAU
999 _c99782
_d99782
999 _bn.d.
100 _aAA.VV.
_9794
100 _eAutore musica
_923696
100 _gCodice autore musica SPICS: 12000
_9796
245 _aEffetti sonori vol. 21
250 _a1a ed.
260 _aMILANO
260 _bSCIASCIA
_c1980 [1a Ed.:1980 - Ed. Lingua Orig.: 1980]
300 _aDISCO
300 _c21 minuti (Testo: pag.)
500 _aModerna collezione di effetti sonori per uso industriale, radio, tv, cinema, teatro, pubblicitĂ  e cineamatori.
505 _aSveglia - Adunata - Alzabandiera - Riposo - Ramazza - Elettricista - Rancio - Chiamare la guardia - Marcetta - Cambio della guardia - Libera uscita - Ufficiale di picchetto - Picchetto armato - Sottufficiale d'ispezione - Capoposto - Attenti - Rompete le righe - Allarmi - Fate fuoco - Cessate fuoco - Consegnati - Adunata s. messa - Ritirata - Contrappello - Silenzio d'ordinanza - Silenzio fuori ordinanza - Flick flock - Marcia dei bersaglieri - Segnali militari
650 _aRUMORI [DISCHI]
_eCodice MATERIA SPICS: 9950
_923697
942 _cMD
_2ddc